| 000 | 01070nam a2200277 a 4500 | ||
|---|---|---|---|
| 999 |
_c234703 _d234703 |
||
| 001 | 4746163 | ||
| 003 | Nust | ||
| 005 | 20170329154126.0 | ||
| 008 | 841114s1983 hu af b 000 0 eng | ||
| 010 | _a 84238842 | ||
| 020 | _z978-93-80179-11-7 | ||
| 040 |
_aDLC _cASAB _dDLC |
||
| 050 | 0 | 0 |
_aS600.5 _b.A36 1983 |
| 082 | 0 | 0 |
_a630.2 _219 |
| 245 | 0 | 0 |
_aApplied Agroclimatology _cby O.P. Bishnoi |
| 300 |
_aviii, 540 p., _bill. ; _c29 cm. |
||
| 504 | _aIncludes bibliographies. | ||
| 650 | 0 | _aMeteorology, Agricultural. | |
| 650 | 0 | _aCrops and climate. | |
| 650 | 0 | _aWeather forecasting. | |
| 906 |
_a7 _bcbc _corignew _d3 _encip _f19 _gy-gencatlg |
||
| 942 |
_2ddc _cBK |
||